000 00744nam a2200289Ia 4500
005 20260324112441.0
008 008 260324s9999 xx 000 0 eng d
020 _a9781003394334
037 _aEBOOK
040 _aCRL
040 _beng
040 _cCRL
041 _2eng
041 _aeng
084 _qCRL
100 _aYael Pilowsky Bankirer
_91142743
245 0 _aPsychoanalytic Explorations of the Masculine and the Maternal
245 0 _bUncovering the Image of Circumcision in Freud’s Works
260 _bTaylor and Francis
260 _c2024
365 _a
365 _b205
856 _uhttp://www.taylorfrancis.com/books/9781003394334
942 _cEBOOK
999 _c1731958
_d1731958